[Event "NRW-Cup Masters op"]
[Site "Muenster"]
[Date "1997.??.??"]
[Round "6"]
[White "Kalinitschew, Sergey"]
[Black "Hoffmann, Michael"]
[Result "1-0"]
[WhiteElo "2525"]
[BlackElo "2440"]

1.d4 Nf6 2.c4 g6 3.Nc3 d5 4.cxd5 Nxd5 5.e4 Nxc3 6.bxc3 Bg7 7.Be3 c5 8.Qd2 O-O
9.Rc1 Nd7 10.Bc4 b6 11.Ne2 Bb7 12.f3 e5 13.O-O exd4 14.cxd4 cxd4 15.Nxd4 Nc5
16.Rfd1 Qe7 17.Qb4 Rfd8 18.Nb3 Bf8 19.Nxc5 bxc5 20.Qa5 Bc6 21.Bb3 Rxd1+ 22.Rxd1 Rc8
23.Qa6 Bb7 24.Qc4 Rc7 25.Bf4 Rc8 26.Bg5 Qe8 27.e5 Rc6  1-0

[Event "NRW-Cup Masters op"]
[Site "Muenster"]
[Date "1997.??.??"]
[Round "7"]
[White "Hoffmann, Michael"]
[Black "Holzke, Frank"]
[Result "1/2-1/2"]
[WhiteElo "2440"]
[BlackElo "2400"]

1.d4 Nf6 2.c4 g6 3.Nc3 d5 4.cxd5 Nxd5 5.e4 Nxc3 6.bxc3 Bg7 7.Be3 c5 8.Qd2 Qa5
9.Rb1 a6 10.Rc1 cxd4 11.cxd4 Qxd2+ 12.Kxd2 O-O 13.Nf3 e6 14.Bd3 Nc6 15.Ke2  1/2-1/2

[Event "Nova Gorica op"]
[Site "Nova Gorica"]
[Date "1997.??.??"]
[Round "8"]
[White "Epishin, Vladimir"]
[Black "Ivacic, Vladimir"]
[Result "1-0"]
[WhiteElo "2600"]
[BlackElo "2285"]

1.d4 Nf6 2.c4 g6 3.Nc3 d5 4.cxd5 Nxd5 5.e4 Nxc3 6.bxc3 Bg7 7.Be3 c5 8.Qd2 cxd4
9.cxd4 Nc6 10.Rd1 Qa5 11.Nf3 O-O 12.Be2 Rd8 13.O-O Bg4 14.d5 Qa4 15.Rc1 Ne5
16.Qc2 Qxc2 17.Rxc2 f5 18.h3 Nxf3+ 19.Bxf3 Bxf3 20.gxf3 Rd7 21.Rb1 Kf7 22.a4 e6
23.dxe6+ Kxe6 24.a5 Be5 25.f4 Bc7 26.a6 bxa6 27.Rc6+ Ke7 28.Bc5+ Kd8 29.e5 Bb6
30.e6 Rb7 31.Kg2 Rg7 32.Bd6  1-0

[Event "After GP Mladi"]
[Site "Olomouc"]
[Date "1997.??.??"]
[Round "9"]
[White "Polak, Tomas"]
[Black "Movsesian, Sergei"]
[Result "1/2-1/2"]
[WhiteElo "2470"]
[BlackElo "2555"]

1.d4 Nf6 2.c4 g6 3.Nc3 d5 4.cxd5 Nxd5 5.e4 Nxc3 6.bxc3 Bg7 7.Nf3 O-O 8.Rb1 c5
9.Be2 cxd4 10.cxd4 Qa5+ 11.Bd2 Qxa2 12.O-O  1/2-1/2

[Event "RUS-chT"]
[Site "Orel"]
[Date "1997.??.??"]
[Round "?"]
[White "Belozerov, Andrei"]
[Black "Petrov, Anton"]
[Result "1-0"]
[WhiteElo "2420"]
[BlackElo "2375"]

1.d4 Nf6 2.c4 g6 3.Nc3 d5 4.cxd5 Nxd5 5.e4 Nxc3 6.bxc3 Bg7 7.Bb5+ c6 8.Ba4 O-O
9.Ne2 c5 10.O-O cxd4 11.cxd4 Nc6 12.Be3 Na5 13.Rc1 Bd7 14.d5 b5 15.Bb3 Nxb3
16.Qxb3 Qa5 17.Bd4 Rfc8 18.Bxg7 Kxg7 19.Qb2+ Kg8 20.Nd4 Rxc1 21.Rxc1 Rc8
22.Rxc8+ Bxc8 23.Qc1 Bb7 24.Nc6 Qxa2 25.Nxe7+ Kf8 26.Nc6 Bxc6 27.dxc6 Qa6
28.c7 Qc8 29.Qc5+ Ke8 30.Qxb5+  1-0

[Event "RUS-chT"]
[Site "Orel"]
[Date "1997.??.??"]
[Round "?"]
[White "Arkhipov, Sergey"]
[Black "Vorobiov, Evgeny E"]
[Result "1/2-1/2"]
[WhiteElo "2540"]
[BlackElo "2435"]

1.d4 Nf6 2.c4 g6 3.Nc3 d5 4.cxd5 Nxd5 5.e4 Nxc3 6.bxc3 Bg7 7.Nf3 c5 8.Rb1 O-O
9.Be2 cxd4 10.cxd4 Qa5+ 11.Bd2 Qxa2 12.O-O a5 13.Qc1 Qe6 14.Bc4 Qxe4 15.Bxf7+ Rxf7
16.Qxc8+ Rf8 17.Qc4+ e6 18.Rb5 Qc6 19.Rc5 Qa6 20.Qa2 Nc6 21.Qxe6+ Kh8 22.Ng5 Nxd4
23.Nf7+ Rxf7 24.Qxf7 Rf8 25.Qc4 Qxc4 26.Rxc4 b5 27.Rc7 a4 28.Bb4 Rd8 29.Re1 Kg8
30.Kf1 Ra8 31.Rxg7+ Kxg7 32.Bc3 a3 33.Bxd4+ Kf7 34.Ke2 b4 35.Kd3 b3 36.Kc3 Rb8
37.f4 h5 38.g3 Rb7 39.h3 Rb5 40.g4 hxg4 41.hxg4 Rb7 42.g5 Rb5 43.Be5 Rb6
44.Bf6 Rb7 45.Be5 Rb6 46.Kd2 Rc6 47.Rc1 Rb6 48.Rh1 Ke6 49.Kc1 Rc6+ 50.Kb1 Rc2
51.Rd1 Kf5 52.Bd6 Rb2+ 53.Ka1 Rc2 54.Kb1 Rb2+  1/2-1/2

[Event "CZE-ch (Women)"]
[Site "Ostrava"]
[Date "1997.??.??"]
[Round "6"]
[White "Vacovska, Veronika"]
[Black "Stankova, Zuzana"]
[Result "0-1"]
[WhiteElo "2080"]
[BlackElo "2080"]

1.d4 Nf6 2.c4 g6 3.Nc3 d5 4.cxd5 Nxd5 5.e4 Nxc3 6.bxc3 Bg7 7.Bc4 O-O 8.Ne2 b6
9.O-O Bb7 10.f3 c5 11.Be3 cxd4 12.cxd4 Nc6 13.Rc1 Na5 14.Bd3 Qd6 15.Qd2 Rfd8
16.Rfd1 Rac8 17.Bf2 Rxc1 18.Qxc1 Nc6 19.Bb1 Ba6 20.d5 Bxe2 21.Re1 Nd4 22.Qd2 Nxf3+
23.gxf3 Bxf3 24.Qe3 Bh5 25.Rc1 Be5 26.Bg3 Bxg3 27.hxg3 Qe5 28.Kg2 Bg4 29.Rh1 Qb2+
30.Qf2 Qxf2+ 31.Kxf2 Rc8 32.Ke3 h5 33.Kf4 Kg7 34.Re1 f6 35.e5 Rc5 36.Be4 f5
37.d6 exd6 38.Kg5 Rxe5 39.Rc1 Rb5 40.Rc7+ Kf8 41.Kf6 f4  0-1

[Event "PER-ch45"]
[Site "Peru"]
[Date "1997.??.??"]
[Round "9"]
[White "Pacheco Asmat, Jorge"]
[Black "Cruz, Filemon"]
[Result "1-0"]
[WhiteElo "2375"]
[BlackElo "2355"]

1.d4 Nf6 2.c4 g6 3.Nc3 d5 4.cxd5 Nxd5 5.e4 Nxc3 6.bxc3 Bg7 7.Bc4 O-O 8.Ne2 Qd7
9.O-O b6 10.Be3 Bb7 11.f3 Nc6 12.Rb1 Na5 13.Bb5 Bc6 14.Bd3 Ba4 15.Qd2 e6
16.e5 c5 17.Bh6 Rac8 18.Bxg7 Kxg7 19.Ng3 h6 20.Qf4 cxd4 21.Nh5+ gxh5 22.Qf6+ Kg8
23.Qxh6 f5 24.exf6 Rxc3 25.Qg6+ Kh8 26.Qxh5+ Kg8 27.Qg6+ Kh8 28.Rfe1 Rxd3
29.Re5  1-0

[Event "Polanica Zdroj op"]
[Site "Polanica Zdroj"]
[Date "1997.??.??"]
[Round "4"]
[White "Czerwonski, Aleksander"]
[Black "Eljanov, Pavel"]
[Result "0-1"]
[WhiteElo "2395"]
[BlackElo "2190"]

1.d4 Nf6 2.c4 g6 3.Nc3 d5 4.cxd5 Nxd5 5.e4 Nxc3 6.bxc3 Bg7 7.Bb5+ c6 8.Ba4 O-O
9.Ne2 Be6 10.O-O Qa5 11.Bb3 Bxb3 12.Qxb3 Qa6 13.Ng3 c5 14.e5 Nc6 15.Be3 Rfd8
16.Rfd1 cxd4 17.cxd4 b6 18.Ne4 Na5 19.Qb4 Qb7 20.f3 Rd5 21.Rac1 Rad8 22.Rd2 R5d7
23.Rdc2 Qd5 24.Rc8 Bf8 25.Qa4 Qb7 26.Qc2 b5 27.Rxd8 Rxd8 28.Qc7 Qxc7 29.Rxc7 Nc4
30.Kf2 a5 31.Nc3 Na3 32.Ra7 b4 33.Ne2 Nc4 34.Bg5 Re8 35.Rc7 Nb6 36.Rb7 Nc4
37.Rc7 Nb6 38.Rc5 Ra8 39.Rb5 Nc4 40.Ng3 e6 41.Ne4 a4 42.Bc1 Na5 43.Bd2 Nc6
44.Rb6 Nxd4 45.Bxb4 Bxb4 46.Rxb4 Nc6 47.Rb5 Kg7 48.f4 Ra7 49.g4 h6 50.h4 Ne7
51.Rb8 g5 52.hxg5 hxg5 53.Nxg5 Rc7 54.Ra8 Rc2+ 55.Kg3 Rc3+ 56.Kf2 Rc2+ 57.Kf3 Rc3+
58.Ke2 Nd5 59.Rxa4 Rg3 60.Ra7 Nxf4+  0-1

[Event "ESP-chT"]
[Site "Ponferrada"]
[Date "1997.??.??"]
[Round "7"]
[White "Del Rio de Angeles, Gabriel"]
[Black "Alvarez Ibarra, D Rafael"]
[Result "1-0"]
[WhiteElo "2375"]
[BlackElo "2395"]

1.c4 Nf6 2.Nc3 d5 3.d4 g6 4.cxd5 Nxd5 5.e4 Nxc3 6.bxc3 Bg7 7.Nf3 c5 8.Rb1 O-O
9.Be2 Nc6 10.d5 Ne5 11.Nd2 e6 12.f4 Nd7 13.c4 e5 14.f5 gxf5 15.exf5 Qh4+
16.g3 Qh3 17.Bg4 Qg2 18.Qf3 Qxf3 19.Bxf3 Nf6 20.g4 e4 21.Be2 e3 22.Nf1 Ne4
23.Bxe3 b6 24.Bd3 Re8 25.Rb3 Bd7 26.Rg1 b5 27.cxb5 Rac8 28.Ra3 c4 29.Bc2 Bxb5
30.Rxa7 Nc3 31.d6 Rcd8 32.Re7 Rxd6 33.Rxe8+ Bxe8 34.g5 Nxa2 35.Rg4 Bc3+ 36.Kf2 Bb5
37.Ng3 Nb4 38.Ne4 Rd4 39.Nf6+  1-0

[Event "ESP-chT"]
[Site "Ponferrada"]
[Date "1997.??.??"]
[Round "9"]
[White "Estremera Panos, Sergio"]
[Black "Alvarez Ibarra, D Rafael"]
[Result "1/2-1/2"]
[WhiteElo "2430"]
[BlackElo "2395"]

1.d4 Nf6 2.c4 g6 3.Nc3 d5 4.cxd5 Nxd5 5.e4 Nxc3 6.bxc3 Bg7 7.Be3 c5 8.Qd2 Qa5
9.Rb1 a6 10.Rc1 cxd4 11.cxd4 Qxd2+ 12.Kxd2 O-O 13.Bd3 e6 14.Ne2 Nc6 15.Rc4 Bd7
16.Rhc1 Rfc8  1/2-1/2

[Event "POL-ch sf"]
[Site "Poraj "]
[Date "1997.??.??"]
[Round "1"]
[White "Kaszowski, Dariusz"]
[Black "Jaracz, Pawel"]
[Result "1/2-1/2"]
[WhiteElo "2245"]
[BlackElo "2445"]

1.d4 Nf6 2.c4 g6 3.Nc3 d5 4.cxd5 Nxd5 5.e4 Nxc3 6.bxc3 Bg7 7.Be3 c5 8.Rc1 Qa5
9.Qd2 cxd4 10.cxd4 Qxd2+ 11.Bxd2 Nc6 12.d5 Nd4 13.Be3 Bd7 14.Bd3 f5 15.f3 fxe4
16.fxe4 O-O 17.Rc7 Bb5 18.Bxb5 Nxb5 19.Rxb7 Rab8 20.Rxb8 Rxb8 21.Nf3 Nc3
22.O-O Nxe4  1/2-1/2

[Event "POL-ch sf"]
[Site "Poraj "]
[Date "1997.??.??"]
[Round "9"]
[White "Jedynak, Radoslaw"]
[Black "Michalski, Olaf"]
[Result "1-0"]
[WhiteElo "2145"]
[BlackElo "2285"]

1.d4 Nf6 2.c4 g6 3.Nc3 d5 4.cxd5 Nxd5 5.e4 Nxc3 6.bxc3 Bg7 7.Nf3 c5 8.Rb1 O-O
9.Be2 Nc6 10.d5 Ne5 11.Nxe5 Bxe5 12.Qd3 e6 13.f4 Bg7 14.d6 e5 15.O-O exf4
16.Bxf4 b6 17.Rbd1 Be6 18.e5 c4 19.Qe3 Rc8 20.Bg5 Qd7 21.Bf6 Rc5 22.Rd4 Qb5
23.Rfd1 Rxe5 24.Qxe5 Qxe5 25.Bxe5 Bxe5 26.Re4 Bxc3 27.Bxc4  1-0

[Event "Portoroz op"]
[Site "Portoroz"]
[Date "1997.??.??"]
[Round "?"]
[White "Ruzzier, Dario"]
[Black "Tukmakov, Vladimir B"]
[Result "0-1"]
[WhiteElo "2115"]
[BlackElo "2585"]

1.d4 Nf6 2.c4 g6 3.Nc3 d5 4.cxd5 Nxd5 5.e4 Nxc3 6.bxc3 Bg7 7.Nf3 c5 8.Rb1 O-O
9.Be2 Nc6 10.d5 Ne5 11.Nxe5 Bxe5 12.Qd2 e6 13.c4 Qh4 14.Bf3 exd5 15.cxd5 Re8
16.Bb2 Bf5 17.Bxe5 Rxe5 18.O-O Bxe4 19.Bxe4 Qxe4 20.d6 Rd5 21.Qb2 b6 22.Rbd1 Rd8
23.Rfe1 Rxd1 24.Rxd1 Rxd6  0-1

[Event "CZE-ch U20"]
[Site "Prague"]
[Date "1997.??.??"]
[Round "4"]
[White "Oral, Tomas"]
[Black "Kalod, Radek"]
[Result "0-1"]
[WhiteElo "2415"]
[BlackElo "2455"]

1.d4 Nf6 2.c4 g6 3.Nc3 d5 4.cxd5 Nxd5 5.e4 Nxc3 6.bxc3 Bg7 7.Bb5+ c6 8.Ba4 b5
9.Bb3 b4 10.Ne2 bxc3 11.Be3 Ba6 12.Rc1 Nd7 13.e5 Qa5 14.e6 fxe6 15.Bxe6 Rd8
16.Qb3 Rf8 17.Bc4 Nc5 18.Qxc3 Qxc3+ 19.Rxc3 Bxc4 20.Rxc4 Nd3+ 21.Kd2 Nxf2
22.Rb1 c5 23.Ke1 Ng4 24.Bg1 cxd4 25.Bxd4 Bh6 26.h3 Ne3 27.Bxe3 Bxe3 28.Nc3 Rf4
29.Rxf4 Bxf4 30.Ke2 Rd2+ 31.Kf3 Be5 32.Nb5 Rxa2 33.Re1 Bf6 34.Nc7+ Kf7 35.Nd5 Rd2
36.Nxf6 exf6 37.Ra1 Rd7 38.Ra6 h5 39.h4 Re7 40.g3 Kg7 41.Kg2 Kf7 42.Kh3 Rb7
43.Kg2 Re7 44.Kh3 Kg7 45.Kg2 g5 46.hxg5 fxg5 47.Ra5 Kf6 48.Ra6+ Ke5 49.Ra5+ Kd4
50.g4 hxg4 51.Rxg5 Re5 52.Rxg4+ Kc3 53.Rg3+ Kb2 54.Kf3 a5 55.Rg2+ Kb3 56.Kf4 Re1
57.Rg3+ Kb4 58.Rg8 a4 59.Rb8+ Kc3 60.Rc8+ Kb2 61.Rb8+ Ka2 62.Kf3 a3 63.Ra8 Kb2
64.Rb8+ Ka1 65.Ra8 a2 66.Kf2 Rb1  0-1

[Event "SVK-ch"]
[Site "Presov"]
[Date "1997.??.??"]
[Round "1"]
[White "Krivoshey, Sergei"]
[Black "Koval, David W"]
[Result "1-0"]
[WhiteElo "2425"]
[BlackElo "2210"]

1.d4 Nf6 2.c4 g6 3.Nc3 d5 4.cxd5 Nxd5 5.e4 Nxc3 6.bxc3 Bg7 7.Nf3 O-O 8.Be3 c5
9.Qd2 Bg4 10.Be2 cxd4 11.cxd4 Nc6 12.Rd1 e6 13.O-O Qa5 14.Qxa5 Nxa5 15.h3 Bxf3
16.Bxf3 Nc4 17.Bf4 Rad8 18.d5 exd5 19.exd5 Be5 20.Bg5 f6 21.Bh6 Rfe8 22.h4 Nd6
23.Be3 b6 24.Bg4 f5 25.Bf3 Bf6 26.g3 Ne4 27.Kg2 Rd7 28.Rd3 Red8 29.Rfd1 Nc3
30.R1d2 Ne4 31.Rd1 Nc3 32.R1d2 Ne4 33.Bxe4 fxe4 34.Ra3 Be7 35.Ra4 Rxd5 36.Rxd5 Rxd5
37.Rxa7 Bc5 38.Bh6 Rf5 39.Bf4 Rf7 40.Ra8+ Rf8 41.Ra7 Rf7 42.Ra4 Re7 43.Be3 Bxe3
44.fxe3 h6 45.Rb4 Re6 46.Kh3 h5 47.g4 Rf6 48.gxh5 Rf3+ 49.Kg2 Rxe3 50.hxg6 Kg7
51.h5 Ra3 52.Rxe4 Kh6 53.Re8 Rxa2+ 54.Kg3 Ra5 55.Rh8+ Kg7 56.Rh7+ Kg8 57.Kg4 Rd5
58.Rb7 b5 59.h6 Rd4+ 60.Kf5 Rd5+ 61.Ke6 Rd8 62.h7+ Kh8 63.Kf6 Rf8+ 64.Kg5 Rd8
65.Kh6  1-0

[Event "SVK-ch"]
[Site "Presov"]
[Date "1997.??.??"]
[Round "9"]
[White "Kantorik, Marian"]
[Black "Banas, Jan"]
[Result "0-1"]
[WhiteElo "2270"]
[BlackElo "2420"]

1.d4 Nf6 2.c4 g6 3.Nc3 d5 4.cxd5 Nxd5 5.e4 Nxc3 6.bxc3 Bg7 7.Be3 b6 8.f4 c5
9.Nf3 cxd4 10.cxd4 O-O 11.Rc1 e6 12.Bc4 Bb7 13.d5 exd5 14.Bxd5 Bxd5 15.exd5 Re8
16.Kf2 Nd7 17.Bd4 Nf6 18.Bxf6 Qxf6 19.g3 Rad8 20.Qb3 Bf8 21.Rhe1 Rxe1 22.Rxe1 Qf5
23.Rd1 Qh3 24.Kg1 Bd6 25.Ng5 Qf5 26.Qd3 Qxd3 27.Rxd3 Re8 28.Kf2 h6 29.Nf3 Re4
30.Kf1 Kf8 31.Nd4 Ke7 32.Nc6+ Kd7 33.Kf2 a6 34.Kf3 Ra4 35.Rd2 Ra3+ 36.Kf2 f6
37.Kg2 b5 38.Kf1 Bc5 39.Re2 Kd6 40.Re6+ Kxd5 41.Rxf6 Rxa2 42.Rxg6 b4 43.Ne5 b3
44.Nd3 Kd4  0-1

[Event "TESCO op 4"]
[Site "Prievidza"]
[Date "1997.??.??"]
[Round "7"]
[White "Koutsin, Sergey"]
[Black "Ftacnik, Lubomir"]
[Result "0-1"]
[WhiteElo "2440"]
[BlackElo "2585"]

1.d4 Nf6 2.c4 g6 3.Nc3 d5 4.cxd5 Nxd5 5.e4 Nxc3 6.bxc3 Bg7 7.Nf3 c5 8.Bb5+ Nd7
9.O-O O-O 10.Qe2 a6 11.Bd3 cxd4 12.cxd4 Nc5 13.Bb2 Nxd3 14.Qxd3 Bd7 15.Qb3 e6
16.Rfd1 Qa5 17.Qxb7 Ba4 18.Rd2 Bh6 19.Re2 Rab8 20.Qe7 Qb5 21.Rae1 Bd1 22.d5 Bxe2
23.Be5 Bg7 24.Bxg7 Kxg7 25.Nd4 Qb1 26.Nxe6+ Kg8 27.Qxf8+ Rxf8 28.Rxb1 fxe6
29.dxe6 Re8 30.f3 Bb5 31.Rc1 Rxe6 32.Rc8+ Kf7 33.Rc7+ Re7 34.Rc5 Rd7 35.a3 h5
36.Rc3 Ke6 37.h4 Ke5 38.Kf2 Rd2+ 39.Kg3 Rd3 40.Rxd3 Bxd3 41.Kf2 Kd4 42.Kg3 Ke3  0-1

[Event "CRO-Cup"]
[Site "Pula"]
[Date "1997.??.??"]
[Round "?"]
[White "Viland, Boris"]
[Black "Muse, Mladen"]
[Result "0-1"]
[WhiteElo "2210"]
[BlackElo "2445"]

1.d4 Nf6 2.c4 g6 3.Nc3 d5 4.cxd5 Nxd5 5.e4 Nxc3 6.bxc3 Bg7 7.Bc4 O-O 8.Ne2 Qd7
9.O-O b6 10.e5 Bb7 11.Nf4 e6 12.Qg4 c5 13.Be3 Nc6 14.Rfd1 Qc7 15.Rac1 Ne7
16.h4 h5 17.Qh3 Nf5 18.g4 hxg4 19.Qxg4 Qe7 20.h5 cxd4 21.cxd4 Nh6 22.Qg3 Nf5
23.Qh3 g5 24.h6 Nxh6 25.Nh5 g4 26.Qg3 Bf3 27.Nxg7 Kxg7 28.Rd3 Nf5 29.Bh6+ Kxh6  0-1

[Event "EU-chT (Women)"]
[Site "Pula"]
[Date "1997.??.??"]
[Round "1"]
[White "Sheldon, Ruth"]
[Black "Licina, Anita"]
[Result "1-0"]
[WhiteElo "2240"]
[BlackElo "2170"]

1.d4 Nf6 2.c4 g6 3.Nc3 d5 4.cxd5 Nxd5 5.e4 Nxc3 6.bxc3 Bg7 7.Be3 O-O 8.Qd2 Nc6
9.Nf3 Bg4 10.Ng5 e5 11.d5 Na5 12.h3 Bc8 13.g4 b6 14.Be2 c6 15.c4 Ba6 16.Rc1 Rc8
17.c5 Bxe2 18.Kxe2 b5 19.Rhd1 Nc4 20.Rxc4 bxc4 21.Qc3 Rb8 22.Rd2 Qe7 23.Qxc4 Qb7
24.Nf3 Rfd8 25.Qa4 Rbc8 26.dxc6 Rxd2+ 27.Nxd2 Qxc6 28.Qxc6 Rxc6 29.Kd3 Kf8
30.Nc4 Ke7 31.Na5 Ra6 32.Bd2 Kd7 33.Kc4 Kc7 34.Kd5 Rf6 35.Be3 Rf3 36.c6 a6
37.Nc4 Bf8 38.Nxe5 Rf6 39.f4 Rd6+ 40.Kc4 f6  1-0

[Event "EU-chT (Men)"]
[Site "Pula"]
[Date "1997.??.??"]
[Round "3"]
[White "Grabliauskas, Virginijus"]
[Black "Pelletier, Yannick"]
[Result "0-1"]
[WhiteElo "2435"]
[BlackElo "2470"]

1.d4 Nf6 2.c4 g6 3.Nc3 d5 4.cxd5 Nxd5 5.e4 Nxc3 6.bxc3 Bg7 7.Bb5+ Bd7 8.Be2 c5
9.Nf3 Bg4 10.Rb1 Bxf3 11.Bxf3 Qd7 12.O-O O-O 13.d5 c4 14.Rb4 b5 15.a4 a6
16.Bd2 Be5 17.Qe2 Rd8 18.Rb2 bxa4 19.Bg4 Qd6 20.f4 Bg7 21.e5 Qa3 22.Rb4 a5
23.Rxc4 Nd7 24.Rc7 Nb6 25.c4 Qb2 26.Qd3 Nxd5 27.Rb1 Qxb1+ 28.Qxb1 Nxc7 29.Bc3 e6
30.Qa1 Na6 31.Bxa5 Rdb8 32.Bf3 Ra7 33.Qxa4 Nc5 34.Qc6 Rxa5 35.Qc7 Ra1+ 36.Kf2 Rb2+
37.Kg3 Bf8 38.h4 Ra3 39.h5 Rb7 40.Qc8 Rba7 41.Kg4 Rxf3 42.Kxf3 Ra4 43.hxg6 hxg6
44.Kg4 Rxc4 45.Qc6 Rb4 46.g3 Rb3 47.Qa8 Nd3 48.Qg2 Bc5 49.Qa8+ Kg7  0-1

[Event "EU-chT (Men)"]
[Site "Pula"]
[Date "1997.??.??"]
[Round "4"]
[White "Aleksandrov, Aleksej"]
[Black "Lalic, Bogdan"]
[Result "0-1"]
[WhiteElo "2615"]
[BlackElo "2585"]

1.d4 Nf6 2.c4 g6 3.Nc3 d5 4.cxd5 Nxd5 5.e4 Nxc3 6.bxc3 Bg7 7.Bb5+ c6 8.Ba4 a5
9.Ne2 b5 10.Bc2 b4 11.cxb4 axb4 12.Bb3 O-O 13.Be3 Bb7 14.Rc1 Nd7 15.O-O e5
16.f3 Qa5 17.Qd2 Rfd8 18.Bg5 exd4 19.Bxd8 Rxd8 20.Rfd1 Ne5 21.h3 c5 22.f4 Bh6
23.Qc2 c4 24.Bxc4 Nxc4 25.Qxc4 Ba6 26.Qc2 d3 27.Qd2 Qb6+ 28.Kh1 Qf2 29.Rc6 Bb5
30.Rcc1 Ra8 31.Ng1 Qxd2 32.Rxd2 Bxf4 33.Rcd1 Bxd2 34.Rxd2 Bc4 35.Rb2 Rxa2
36.Rxb4 d2 37.Rb1 Bb3  0-1

[Event "EU-chT (Men)"]
[Site "Pula"]
[Date "1997.??.??"]
[Round "8"]
[White "Zaja, Ivan"]
[Black "Pelletier, Yannick"]
[Result "1/2-1/2"]
[WhiteElo "2440"]
[BlackElo "2470"]

1.d4 Nf6 2.c4 g6 3.Nc3 d5 4.cxd5 Nxd5 5.e4 Nxc3 6.bxc3 Bg7 7.Bb5+ c6 8.Ba4 O-O
9.Ne2 e5 10.Ba3 Re8 11.dxe5 Qa5 12.Bd6 Bxe5 13.Bxe5 Qxe5 14.Bc2 Na6 15.O-O Nc5
16.f4 Qh5 17.Ng3 Qxd1 18.Rfxd1 f6 19.Rd6 Kg7 20.Rf1 Be6 21.f5 Bc4 22.Rf4 Bxa2
23.fxg6 hxg6 24.e5 Rxe5 25.Rdxf6 Re6 26.Rf7+ Kg8 27.Rc7 Rf8 28.Nh5 Rxf4 29.Nxf4 Rd6
30.Bxg6 Rd7 31.Rc8+ Kg7 32.Bf5 Rd2 33.Nh5+ Kf7 34.g4 Be6 35.Rc7+ Rd7 36.Rxd7+ Nxd7
37.Bxe6+ Kxe6 38.Kf2 Ke5 39.Ke3 Nf6  1/2-1/2

[Event "EU-chT (Men)"]
[Site "Pula"]
[Date "1997.??.??"]
[Round "8"]
[White "Jussupow, Artur"]
[Black "Lalic, Bogdan"]
[Result "1-0"]
[WhiteElo "2665"]
[BlackElo "2585"]

1.d4 Nf6 2.c4 g6 3.Nc3 d5 4.cxd5 Nxd5 5.e4 Nxc3 6.bxc3 Bg7 7.Be3 c5 8.Qd2 Qa5
9.Rb1 b6 10.Bb5+ Bd7 11.Be2 cxd4 12.cxd4 Nc6 13.Qxa5 Nxa5 14.Ba6 O-O 15.Ne2 Bc8
16.Bd3 Bb7 17.Kd2 Rfc8 18.Rhc1 e6 19.f3 Bf8 20.h4 Nc6 21.h5 Ba3 22.Rc2 Nb4
23.Rxc8+ Rxc8 24.Rb3 Nxd3 25.Rxa3 Nb2 26.Rxa7 Nc4+ 27.Ke1 Bxe4 28.Bg5 Bc6
29.h6 e5 30.Bf6 exd4 31.Nxd4 Be8 32.Kf2 b5 33.g4 Nb6 34.g5 Nd7 35.Ke3 Nxf6
36.gxf6 g5 37.Nf5 Kf8 38.Nd6 Rc6 39.Ne4 Re6 40.Ra8 b4 41.Kd4  1-0

[Event "EU-chT (Men)"]
[Site "Pula"]
[Date "1997.??.??"]
[Round "9"]
[White "Akesson, Ralf"]
[Black "Zagorskis, Darius"]
[Result "1-0"]
[WhiteElo "2515"]
[BlackElo "2505"]

1.d4 Nf6 2.c4 g6 3.Nc3 d5 4.cxd5 Nxd5 5.e4 Nxc3 6.bxc3 Bg7 7.Be3 c5 8.Qd2 Qa5
9.Rb1 b6 10.Bb5+ Bd7 11.Bd3 cxd4 12.cxd4 Nc6 13.Ne2 O-O 14.Qxa5 Nxa5 15.Kd2 f5
16.f3 fxe4 17.fxe4 Rac8 18.Rhc1 Rxc1 19.Rxc1 Rc8 20.Rxc8+ Bxc8 21.Nc3 Be6
22.d5 Bd7 23.Nb5 Bxb5 24.Bxb5 Nb7 25.Bf4 Nd6 26.Bd3 Bd4 27.Bc2 Nf7 28.Kd3 Ba1
29.Kc4 a6 30.Kb4 Ne5 31.Be3 Nd7 32.Bd3 Nc5 33.Bxc5 bxc5+ 34.Ka5 Kf7 35.Kxa6 Ke8
36.Bb5+ Kd8 37.Kb7 Be5 38.h3 g5 39.a4 Bc7 40.e5 Ba5 41.d6 exd6 42.exd6  1-0

[Event "EUCup (Women)"]
[Site "Rijeka"]
[Date "1997.??.??"]
[Round "1"]
[White "Trtanj, Tina"]
[Black "Benderac, Ana"]
[Result "0-1"]
[WhiteElo "2070"]
[BlackElo "2145"]

1.d4 Nf6 2.c4 g6 3.Nc3 d5 4.cxd5 Nxd5 5.e4 Nxc3 6.bxc3 Bg7 7.Nf3 O-O 8.Bc4 c5
9.O-O Nc6 10.Bd5 cxd4 11.cxd4 Nxd4 12.Nxd4 e6 13.Ba3 Re8 14.Bc6 bxc6 15.Nxc6 Qxd1
16.Raxd1 Bb7 17.Rc1 Bh6 18.Rc2 Bxc6 19.Rxc6 Rec8 20.Rxc8+ Rxc8 21.Rd1 Bf8
22.Bxf8 Kxf8 23.Kf1 Rc2 24.a3 Rc3 25.Ra1 a5 26.Ke2 a4 27.Kd2 Rb3 28.Kc2 Kg7
29.Ra2 Kf6 30.Kd2 Ke5 31.f3 h5 32.Ke2 g5 33.h3 h4 34.Kd2 Kf4 35.Ke2 Kg3 36.Kd1 Rb1+
37.Kc2 Rg1 38.Kc3 Rxg2 39.Ra1 Kxh3 40.Kb4 Kg3 41.Kxa4 h3 42.Kb5 h2  0-1

[Event "WchT U26"]
[Site "Roque Saenz Pena"]
[Date "1997.??.??"]
[Round "9"]
[White "Riline Orso, Alejandro"]
[Black "Hernandez, Gustavo"]
[Result "1/2-1/2"]
[WhiteElo "2250"]
[BlackElo "2345"]

1.d4 Nf6 2.c4 g6 3.Nc3 d5 4.cxd5 Nxd5 5.e4 Nxc3 6.bxc3 Bg7 7.Bc4 c5 8.Ne2 O-O
9.Be3 Nc6 10.Rc1 e5 11.dxc5 Na5 12.Qxd8 Rxd8 13.Bd5 Bd7 14.O-O Rdc8 15.Rb1 Bf8
16.Nc1 Bxc5 17.Bxc5 Rxc5 18.Nd3 Rxc3 19.Nxe5 Be6 20.h3 Bxd5 21.exd5 Rd8 22.Rfd1 Rc5
23.Ng4 f5 24.Ne3 f4 25.Ng4 Kg7 26.Rbc1 Rxc1 27.Rxc1 Rd7 28.Rc5 b6 29.Rb5 Nc4
30.Rb4 Na5 31.Rb5 Nc4 32.Rb4 Na5  1/2-1/2

[Event "Schwaebisch Gmuend op"]
[Site "Schwaebisch Gmuend"]
[Date "1997.??.??"]
[Round "5"]
[White "Latzke, Boris Alexander"]
[Black "Pribyl, Josef"]
[Result "1/2-1/2"]
[WhiteElo "2220"]
[BlackElo "2460"]

1.d4 Nf6 2.c4 g6 3.Nc3 d5 4.cxd5 Nxd5 5.e4 Nxc3 6.bxc3 Bg7 7.Bc4 c5 8.Ne2 Nc6
9.Be3 O-O 10.O-O Qc7 11.Rc1 Rd8 12.Bf4 Qd7 13.d5 Na5 14.Bd3 b5 15.Be3 e6
16.Bxc5 exd5 17.exd5 Bb7 18.Be4 Bxd5 19.Bxd5 Qxd5 20.Qxd5 Rxd5 21.Bd4 Re8
22.Rfe1 Nc6 23.Be3 Rd3 24.Red1 Red8 25.Rxd3 Rxd3 26.Kf1 a6 27.Ke1 h5 28.Bd2 Ne5
29.Rc2 Rd6 30.f3 Nc4 31.Bf4 Rd3 32.Bc1 Bf6 33.Kf2 Kg7 34.Bf4 h4 35.Bc1 Rd1
36.Bf4 g5 37.Bc1 Kg6 38.h3 Be7 39.Nd4 Bd6 40.Ke2 Rh1 41.f4 gxf4 42.Nf3 Kh5
43.Bd2 Ra1 44.Bc1 f5 45.Nd4 Kg6 46.Nf3 Be7 47.Bxf4  1/2-1/2

[Event "Schwaebisch Gmuend op"]
[Site "Schwaebisch Gmuend"]
[Date "1997.??.??"]
[Round "7"]
[White "Duessel, Udo"]
[Black "Dewenter, Ulf"]
[Result "1-0"]
[WhiteElo "2090"]
[BlackElo "2290"]

1.d4 Nf6 2.c4 g6 3.Nc3 d5 4.cxd5 Nxd5 5.e4 Nxc3 6.bxc3 Bg7 7.Bc4 c5 8.Ne2 O-O
9.O-O Nc6 10.Be3 Qc7 11.Rc1 Rd8 12.Nf4 e6 13.d5 e5 14.Ne2 Na5 15.Qd3 a6 16.a4 Rb8
17.Rcd1 Rd6 18.f4 b5 19.axb5 axb5 20.Ba2 Ba6 21.Qc2 Re8 22.Rf3 Nb7 23.Rdf1 f6
24.g4 Qc8 25.g5 fxg5 26.f5 gxf5 27.Rxf5 h6 28.Ng3 Rg6 29.Qf2 Nd6 30.Bxc5 Nxf5
31.Nxf5 Kh7 32.Bb4 Qd7 33.d6 Bb7 34.Qe2 Rf6 35.Qd3 Ref8 36.Bd5 Bxd5 37.Qxd5 R8f7
38.Ra1 Rxf5 39.exf5 Qxf5 40.Qg2 Rd7 41.Rf1 Qd3 42.Qg4 Rd8 43.Rd1 Qg6 44.d7 h5
45.Qe2 Qb6+ 46.Kf1 Qf6+ 47.Ke1 Qf7 48.Qd3+ Kh8 49.Ba5 Rf8 50.Qe2 Bf6 51.d8=Q  1-0

[Event "Seversk"]
[Site "Seversk"]
[Date "1997.??.??"]
[Round "3"]
[White "Yurtaev, Leonid"]
[Black "Ibragimov, Alibek"]
[Result "1-0"]
[WhiteElo "2495"]
[BlackElo "2250"]

1.d4 Nf6 2.c4 g6 3.Nc3 d5 4.cxd5 Nxd5 5.e4 Nxc3 6.bxc3 Bg7 7.Bc4 O-O 8.Ne2 Nc6
9.a4 b6 10.h4 Na5 11.Ba2 c5 12.h5 cxd4 13.cxd4 Ba6 14.hxg6 hxg6 15.e5 e6
16.Nf4 Re8 17.Be3 Qe7 18.Qb1 Rac8 19.Nxe6 fxe6 20.Qxg6 Nc4 21.Rb1 Nxe3 22.fxe3 Qf7
23.Rh8+  1-0

[Event "Seversk"]
[Site "Seversk"]
[Date "1997.??.??"]
[Round "5"]
[White "Balashov, Yuri S"]
[Black "Ibragimov, Alibek"]
[Result "1-0"]
[WhiteElo "2510"]
[BlackElo "2250"]

1.d4 Nf6 2.c4 g6 3.Nc3 d5 4.cxd5 Nxd5 5.e4 Nxc3 6.bxc3 Bg7 7.Bc4 O-O 8.Ne2 Nc6
9.Bg5 Na5 10.Bd3 b6 11.Qd2 Re8 12.h4 c5 13.h5 cxd4 14.hxg6 fxg6 15.cxd4 Bxd4
16.Rd1 Rf8 17.Nxd4 Qxd4 18.Bxe7 Bg4 19.f3 Rf7 20.Ba3 Be6 21.Bb2 Qd6 22.Qg5 Kf8
23.Rd2 Qc5 24.Qxc5+ bxc5 25.Ba3 Rc7 26.Rc2 Kg8 27.Kf2 c4 28.Be2 Nb7 29.Ke3 Rac8
30.g4 Rc6 31.f4 Ra6 32.Rc3 Re8 33.Rd1 Rc6 34.Rd4 Kg7 35.Bf3 Nc5 36.f5 gxf5
37.gxf5 Na4 38.Rc1 Bxf5 39.Rcxc4 Rxc4 40.Rxc4 Nb6 41.Rc7+ Kg6 42.Kf4 Be6
43.Rxa7 Ra8 44.Rxa8 Nxa8 45.Be7 Nb6 46.Bd8 Na4 47.a3 Bb3 48.Ke5 Nc5 49.Be7 Ne6
50.Bg4 Kf7 51.Bb4 Ng7 52.Bd7 h5 53.a4 h4 54.a5 Ne6 55.a6 h3 56.Bxe6+ Bxe6
57.a7 h2 58.a8=Q h1=Q 59.Qb7+ Kg8 60.Kxe6 Qh3+ 61.Kd6 Qh6+ 62.Kc7 Qg7+ 63.Kb6 Qf6+
64.Qc6 Qd4+ 65.Kb5  1-0

[Event "Seversk"]
[Site "Seversk"]
[Date "1997.??.??"]
[Round "6"]
[White "Averchenko, Sergej"]
[Black "Ibragimov, Alibek"]
[Result "1/2-1/2"]
[WhiteElo "2260"]
[BlackElo "2250"]

1.d4 Nf6 2.c4 g6 3.Nc3 d5 4.cxd5 Nxd5 5.e4 Nxc3 6.bxc3 Bg7 7.Bc4 O-O 8.Ne2 c5
9.O-O Nc6 10.Be3 Qc7 11.Rc1 Bd7 12.Qd2 Rfd8 13.Bh6 Bh8 14.Qe3 Be8 15.e5 Rac8
16.h4 a6 17.h5 b5 18.hxg6 hxg6 19.Bd3 Qd7 20.Bb1 cxd4 21.cxd4 Nxd4 22.Nxd4 Rxc1
23.Rxc1 Qxd4 24.Qxd4 Rxd4 25.Be3 Rc4 26.Rd1 Rc8 27.f4 Bc6 28.Kf2 e6 29.Rc1 Bb7
30.Rxc8+ Bxc8 31.Be4 Bg7 32.Bb6 Bf8 33.Ke3 Ba3 34.Bc6 Kg7 35.g4 g5 36.fxg5 Kg6
37.Bd8 Bc1+ 38.Kd4 Bxg5 39.Ba5 Bf4 40.Bd8 Bh2 41.Be4+ Kh6 42.g5+ Kh5 43.Bf3+ Kg6
44.Be4+ Kh5 45.Bf3+ Kg6 46.Be4+ Kh5  1/2-1/2